Silla o la monarchia mancata

Saved in:
Bibliografiske detaljer
Hovedforfatter: Carcopino, Jérome (Author)
Format: Bog
Sprog:italiensk
Udgivet: Milán Rusconi 1981
Udgivelse:2a. ed
Fag:
Tags: Tilføj Tag
Ingen Tags, Vær først til at tagge denne postø!

MARC

LEADER 00000nam a2200000 a 4500
001 UCP9057
003 CL-VaPUC
008 000317e19810000IT |||||||||||||||||ita|d
082 0 4 |a 937.05  |b CAR  |2 21 
100 |a Carcopino, Jérome  |e author  |9 313360 
245 1 0 |a Silla o la monarchia mancata 
250 |a 2a. ed 
300 |a 257 p 
942 |c BK 
945 |d 20000317 00:00:00  |a rherrera 
260 |a Milán  |b Rusconi  |c 1981 
600 0 7 |a SILA  |2 CL-VaPUC  |9 431947 
650 0 |a Historia antigua  |9 267521 
650 7 |a ROMA  |2 CL-VaPUC  |9 317375 
650 0 |a República romana  |9 433651 
650 7 |a MONARQUIAS  |2 CL-VaPUC  |9 388950 
650 7 |a DECADENCIA  |2 CL-VaPUC  |9 400479 
650 7 |a GUERRAS CIVILES  |2 CL-VaPUC  |9 361938 
583 |a last modification  |c 20000317 00:00:00  |k Rodrigo Vera 
999 |c 285908  |d 285906 
952 |0 0  |1 0  |4 0  |6 937_050000000000000_CAR_1981  |7 0  |8 A  |9 330770  |a BIBHIS  |b BIBHIS  |d 2019-11-20  |i 1395424  |o 937.05 CAR 1981  |p 1395424  |r 2025-01-20  |w 2019-11-20  |y BK  |k HIS